00967cam a2200181 a 4500020002500000020002200025041001200047082001500059100002400074245002300098260004900121300001600170505046100186650002000647942000700667952009400674999001700768 a9781587432392 (pbk.) a1587432390 (pbk.) aENGLISH00a220.6bLOD1 aLodahl, Michael E.,10aClaiming Abraham : aGrand Rapids, Mich. :bBrazos Press,cc2010. ax, 227 p. ;0 aOpening: Arguing over Abraham -- Arguing over Abraham arguing with God -- People of the Torah, people of the Gospel -- The creative Word of God: be! -- The revealing of the Word of God -- Adam: what does it mean to be human? -- Cain and Abel: the commanding Word of God -- Knowing Noah--or not -- The sign of Sinai -- Mary, mother of Jesus -- Jesus, son of Mary -- Adonai, Allah, and the Triune God -- Apocalypse when? -- Reopening: Conversation continues. aBible - Genesis cBK 00104070aHMIbHMIcGENd2018-10-23l0o220.6 LODp11003706r2026-01-16w2026-01-16yBK c22346d22346